000 01155cam a22003374a 4500
001 12926966
003 ASAB
005 20180827062824.0
008 020912s2004 nyua b 001 0 eng
010 _a 2002014860
020 _a1560229225 (hardcover : alk. paper)
020 _a1560229233 (softcover : alk. paper)
040 _cASAB
042 _apcc
050 0 0 _aSB933.3
_b.A38 2004
082 0 0 _a632.7
_221
100 1 _aAltieri, Miguel A.
_93649
245 1 0 _aBiodiversity and pest management in agroecosystems /
_cMiguel Angel Altieri, Clara I. Nicholls.
250 _a2nd ed.
260 _aNew York :
_bFood Products Press,
_cc2004.
300 _axii, 236 p. :
_bill. ;
_c23 cm.
504 _aIncludes bibliographical references (p. 203-224) and index.
650 0 _aInsect pests
_xBiological control.
_93650
650 0 _aInsects
_xEcology.
_93651
650 0 _aBiodiversity.
_93652
650 0 _aAgricultural ecology.
_93653
700 1 _aNicholls, Clara I.
_93654
856 4 2 _3Book review (E-STREAMS)
_uhttp://www.e-streams.com/es0708/es0708_3427.html
906 _a7
_bcbc
_corignew
_d1
_eecip
_f20
_gy-gencatlg
942 _2ddc
_cBK
999 _c480769
_d480769